10 häufigste deutsche Wörter - Statistiken

Allgemein
  • Dieses Quiz wurde 31 mal gespielt
  • Das Durchschnittsergebnis liegt bei 4 aus 10
Antwortstatistiken
Rang Wort % Korrekt
1. der, die, das (bestimmter Artikel)
88%
4. und
73%
5. ein
65%
8. haben
35%
2. in
31%
7. von
31%
10. mit
27%
6. zu
15%
9. werden
12%
3. sein (Verb)
0%
Keine übereinstimmenden Quizze gefunden
Verteilung der Resultate
Anzahl Personen mit jedem Resultat
Perzentil nach korrekt beantworteten Fragen
Ihre Resultats-Entwicklung
Sie haben dieses Quiz noch nicht gespielt